| 000 | 00972nam a2200229Ia 4500 | ||
|---|---|---|---|
| 003 | IN-BaIIA | ||
| 008 | 211028s9999 xx 000 0 eng d | ||
| 020 | _a90-277-2707-4 | ||
| 040 | _cIIA Library | ||
| 080 |
_a524.77(082.2) _bCOO |
||
| 100 |
_aFabian, A. C. _915934 |
||
| 111 |
_aNATO Advanced Research Workshop on Cooling Flows in Clusters and Galaxies _cCambridge, U.K _d1987 June 22-26 _915935 |
||
| 245 | 0 |
_aCooling flows in clusters and galaxies _bproceedings of the NATO advanced research workshop on cooling flows in clusters and galaxies, held in Cambridge, U.K, 22-26 June 1987 _c A. C. Fabian |
|
| 260 |
_aDordrecht _bKluwer Academic _c1988 |
||
| 300 | _axii, 391p. | ||
| 490 | _aNATO ASI series. Series C : mathematical & physical sciences | ||
| 650 | _aAstronomy and astrophysics thesaurus | ||
| 650 |
_aClusters _911176 |
||
| 650 |
_aClusters of galaxies _913374 |
||
| 650 |
_aGalaxies _91286 |
||
| 942 | _cBK | ||
| 999 |
_c9465 _d9465 |
||